| 000 | 01365cam a2200193 4500 | ||
|---|---|---|---|
| 001 | L135669 | ||
| 008 | 061123n2010 000 0 eng u | ||
| 020 | _a9781444327847 | ||
| 035 | _a(Sirsi) u135669 | ||
| 100 | _aChan, Paul | ||
| 245 |
_aConstructing futures _bindustry leaders and futures thinking in construction _h[electronic resource] |
||
| 260 |
_aBlackwell Publishing _c2010 |
||
| 350 | _a39.50 | ||
| 520 | _aA total of 15 influential figures were interviewed for this eBook, from Sir Michael Latham and Bob White to Wayne Hemmingway and Kevin McCloud. Part One looks to the past by reviewing a series of foresight studies undertaken of the construction industry and re-presenting stories of our interviewees' lives to explain the development of leadership in the context of the construction industry. In Part Two, the authors look at the present and discuss two fundamental issues: sustainable development and governance of the construction industry. In Part Three the book concludes with an afterthought for the future, highlighting key lessons learnt putting forward a series of research questions derived from this scholarly reflection of ?futures thinking' in construction. | ||
| 650 | 2 | 4 | _aEBOOK |
| 700 | 1 | _aCooper, Rachel | |
| 856 | 4 | 0 |
_uhttps://www.vlebooks.com/ _zView on VLEbooks. Logins for members only from [email protected] |
| 942 | _n0 | ||
| 999 |
_c106138 _d106138 |
||